| 000 | 00397nam a2200145Ia 4500 | ||
|---|---|---|---|
| 008 | 130318s9999 xx 000 0 und d | ||
| 020 | _a8126510552 | ||
| 082 | _a005.8 KRU/C | ||
| 100 | _aKrutz, Ronald L | ||
| 245 | _aThe CISSP and CAP prep guide:Platinum edition | ||
| 260 |
_bWiley _aNew Delhi _c2007 |
||
| 300 |
_a1236 _e1 CD No403 |
||
| 650 | _aCOMPUTER SECURITY | ||
| 700 | _aVines, Russell Dean | ||
| 999 |
_c1370 _d1370 |
||